| 000 | 00427nam a2200157 4500 | ||
|---|---|---|---|
| 001 | 111843 | ||
| 003 | ES-MaACL | ||
| 005 | 20230906185355.0 | ||
| 007 | t| | ||
| 008 | 061121s1972 sp r ||||1| spa d | ||
| 100 | 1 |
_aOrive Riva, Pedro. _987270 |
|
| 245 | 1 | 0 |
_aRiesgos en la adolescencia / _cPedro Orive Riva. |
| 260 |
_aMadrid : _bG. del Toro, _c1972. |
||
| 300 |
_a412 p. ; _c25 cm. |
||
| 852 |
_aES-MaACL _jC-43997 _bR.83741 |
||
| 999 |
_c111843 _d111843 |
||